Statistics for The Best Day (TV) - Taylor Swift (All Lyrics)

Click here to take the quiz!

General Stats

  • This quiz has been taken 18 times
  • The average score is 307 of 349

Answer Stats

Lyrics% Correct
a
100%
be
100%
best
100%
But
100%
day
100%
Don't
100%
don't
100%
had
100%
I
100%
is
100%
know
100%
the
100%
to
100%
today
100%
with
100%
you
100%
You
100%
you,
100%
all
93%
an
93%
and
93%
And
93%
at
93%
could
93%
five
93%
how
93%
if
93%
I'm
93%
in
93%
me
93%
my
93%
not
93%
now
93%
Now
93%
old,
93%
so
93%
So
93%
was
93%
we
93%
when
93%
why
93%
years
93%
am
87%
anything
87%
away
87%
back
87%
big
87%
brother,
87%
change
87%
coat
87%
cold
87%
fall
87%
far
87%
father,
87%
for
87%
For
87%
friends
87%
gettin'
87%
gonna
87%
got
87%
his
87%
house
87%
It's
87%
it's
87%
I've
87%
mean
87%
near
87%
of
87%
on
87%
or
87%
out,
87%
pretty
87%
school
87%
Snow
87%
talk
87%
than
87%
That
87%
thirteen
87%
trees
87%
up
87%
way
87%
White's
87%
who
87%
your
87%
you're
87%
age
80%
better
80%
car
80%
even
80%
excellent
80%
eyes
80%
givin'
80%
God
80%
have
80%
he's
80%
home
80%
inside
80%
knew
80%
little
80%
making
80%
names
80%
princesses
80%
ride
80%
scared
80%
shine
80%
side
80%
smiles
80%
stronger
80%
their
80%
There
80%
watchin'
80%
wrong
80%
asleep
73%
didn't
73%
found
73%
grew
73%
hear
73%
kitchen
73%
lady
73%
laugh
73%
laughin'
73%
look,
73%
look
73%
love
73%
paint
73%
prettiest
73%
run
73%
say
73%
set
73%
shop
73%
smart
73%
space
73%
strength
73%
talkin'
73%
three
73%
'til
73%
until
73%
video
73%
were
73%
whole
73%
wide
73%
window
73%
world
73%
come
67%
cryin'
67%
Daddy's
67%
drive
67%
dwarves
67%
enough
67%
forgotten
67%
grab
67%
hold
67%
hug
67%
keys
67%
legs
67%
okay
67%
patch
67%
pirate
67%
pumpkin
67%
seven
67%
ships
67%
sky
67%
staying
67%
taking
67%
this
67%
tight
67%
town
67%
chance
60%
feel
60%
from
60%
long
60%
Past
60%
rides,
60%
smilin'
60%
take
60%
tractor
60%
days
53%
gold
53%

Score Distribution

Percentile by Number Answered

Percent of People with Each Score

Your Score History

You have not taken this quiz